000 00467nam a2200193Ia 4500
003 OSt
005 20250802112729.0
008 250729s2005 xx 000 0 und d
020 _a978-8171418244
040 _cAL
041 _aeng
082 _a371.26 KRIC
100 _a Krishna M. R.
_9220801
245 _aExamination system
260 _aNew Delhi
_bDiscovery Publishing House
_c2005
300 _a403p
650 _aEducation
_9220802
942 _2ddc
_cBED
999 _c234736
_d234736